000 00428nam a22001697a 4500
003 CEME
005 20210628202931.0
008 210211b xxu||||| |||| 00| 0 eng d
020 _a0-7506-3634-3
040 _c.
082 _a621.3 KUF
100 _aKuffel.E Zaengl W.S Kuffel.J
_962398
245 _aHigh voltage engineering, fundamentals
260 _aNEW DELHI
_bNEWNESS
_c2001
300 _aXIII,539P
942 _cBK
_2ddc
999 _c571516
_d571516